Đánh giá tính trạng phẩm chất của nguồn Gen lúa đang bảo tồn tại ngân hàng Gen trường Đại học Cần Thơ : Báo cáo đề tài khoa học và công nghệ cấp Trường

Đặc tính hóa phẩm chất hạt các tập đoàn giống lúa nếp cải tiến, lúa nếp địa phương và lúa tẻ (MTL) thuộc ngân hàng Gen-Viện nghiên cứu phát triển ĐBSCL-ĐHCT, và xác định mối tương quan giữa các đặc tính phẩm chất hạt trong từng phạm vi t...

Full beskrivning

Sparad:
Bibliografiska uppgifter
Huvudupphovsman: Ông, Huỳnh Nguyệt Ánh
Materialtyp: Bok
Språk:Undetermined
Publicerad: Cần Thơ Trường Đại học Cần Thơ 2015
Ämnen:
Taggar: Lägg till en tagg
Inga taggar, Lägg till första taggen!
Thư viện lưu trữ: Trung tâm Học liệu Trường Đại học Cần Thơ
LEADER 01497nam a2200241Ia 4500
001 CTU_210416
008 210402s9999 xx 000 0 und d
082 |a 633.18 
082 |b A107 
088 |a T2014-87 
100 |a Ông, Huỳnh Nguyệt Ánh 
245 0 |a Đánh giá tính trạng phẩm chất của nguồn Gen lúa đang bảo tồn tại ngân hàng Gen trường Đại học Cần Thơ : 
245 0 |b Báo cáo đề tài khoa học và công nghệ cấp Trường 
245 0 |c Ông Huỳnh Nguyệt Ánh (chủ nhiệm đề tài) 
260 |a Cần Thơ 
260 |b Trường Đại học Cần Thơ 
260 |c 2015 
520 |a Đặc tính hóa phẩm chất hạt các tập đoàn giống lúa nếp cải tiến, lúa nếp địa phương và lúa tẻ (MTL) thuộc ngân hàng Gen-Viện nghiên cứu phát triển ĐBSCL-ĐHCT, và xác định mối tương quan giữa các đặc tính phẩm chất hạt trong từng phạm vi tập đoàn giống riêng biệt, cuối cùng là phân nhóm lúa đặc sản và phẩm chất theo đúng mục đích sử dụng. 
650 |a Rice breeders,Cây lúa,Nhân giống lúa,Rice 
650 |x Gen,Nghiên cứu,Genetics,Research 
904 |i Nguyễn văn Môi,Qhieu 
915 |a PD 
980 |a Trung tâm Học liệu Trường Đại học Cần Thơ